Ideario / (Record no. 96544)

MARC details
000 -LEADER
campo de control de longitud fija 00706nam a2200229 i 4500
001 - NÚMERO DE CONTROL
campo de control 96544
003 - IDENTIFICADOR DE NÚMERO DE CONTROL
campo de control ES-MaACL
005 - FECHA Y HORA DE LA ÚLTIMA TRANSACCIÓN
campo de control 20251013063106.0
007 - CAMPO FIJO DE DESCRIPCIÓN FÍSICA--INFORMACIÓN GENERAL
campo de control de longitud fija t|
008 - DATOS DE LONGITUD FIJA--INFORMACIÓN GENERAL
campo de control de longitud fija 050627s1977 sp ||||1| spa d
040 ## - FUENTE DE CATALOGACIÓN
Centro/agencia transcriptor ES-MaACL
100 1# - ENTRADA PRINCIPAL--NOMBRE DE PERSONA
Nombre de persona Malatesta, Errico,
Fechas asociadas al nombre 1853-1932
9 (RLIN) 242174
Término indicativo de función/relación Autor
245 10 - MENCIÓN DEL TÍTULO
Título Ideario /
Mención de responsabilidad, etc. Errico Malatesta; versión José María Olleros.
260 ## - PUBLICACIÓN, DISTRIBUCIÓN, ETC.
Lugar de publicación, distribución, etc. Madrid :
Nombre del editor, distribuidor, etc. Dogal,
Fecha de publicación, distribución, etc. 1977.
300 ## - DESCRIPCIÓN FÍSICA
Extensión 130 páginas ;
Dimensiones 21 cm.
650 #7 - PUNTO DE ACCESO ADICIONAL DE MATERIA--TÉRMINO DE MATERIA
Fuente del encabezamiento o término embne
9 (RLIN) 9783
Término de materia o nombre geográfico como elemento de entrada Anarquismo
700 1# - ENTRADA AGREGADA--NOMBRE PERSONAL
Nombre de persona Olleros, José María.
9 (RLIN) 86929
852 ## - LOCALIZACIÓN
Ubicación ES-MaACL
Número de control de estantería A-8062
Sublocalización o colección R.97323
itemnumber 100114
Ubicación en estantería Sala Pecera Planta 1
942 ## - ELEMENTOS DE ENTRADA SECUNDARIOS (KOHA)
Tipo de ítem Koha Libro impreso
Suprimir en OPAC No
Holdings
Estatus retirado Estado de pérdida Estado de daño No para préstamo Biblioteca de origen Biblioteca actual Ubicación en estantería Fecha de adquisición Fuente de adquisición Total de préstamos Signatura topográfica completa Código de barras Visto por última vez Precio de reemplazo Tipo de ítem Koha
        Biblioteca del Ateneo de Madrid Biblioteca del Ateneo de Madrid Sala Pecera Planta 1 17/01/2008     A-8062 1100793 23/02/2023 23/02/2023 Libro impreso